000
00183 a2200097 4500
020
_a
9780316025089
041
_a
eng
100
_a
Von Ziegesar, Cecily
245
_a
Tempted
942
_c
BK
999
_c
9305
_d
9305